000 01297nam a2200205 4500
008 171207b xxu||||| |||| 00| 0 eng d
020 _a0781751381
082 _22005
_aDC 610.73
_bSm5t
100 _924448
_aEvans-Smith, Pamela,author.
245 _aTaylor's clinical nursing skills :
_ba nursing process approach /
_cPamela Evans-Smith.
260 _aPhiladelphia :
_b Lippincott Williams & Wilkins,
_c©2005.
300 _axvi, 773 p. :
_billustrations ;
_c 28 cm. +
_e1 CD-ROM (4 3/4 in.).
500 _aIncludes index.
505 _aUnit I. Actions basic to nursing care -- Ch. 1. Vital signs -- Ch. 2. Assessment -- Ch. 3. Safety -- Ch. 4. Asepsis and infection control -- Ch. 5. Medications -- Ch. 6. Perioperative nursing -- Unit II. Promoting healthy physiologic responses -- Ch. 7. Hygiene -- Ch. 8. Skin integrity and wound care -- Ch. 9. Activity -- Ch. 10. Comfort -- Ch. 11. Nutrition -- Ch. 12. Urinary elimination -- Ch. 13. Bowel elimination -- Ch. 14. Oxygenation -- Ch. 15. Fluid, electrolyte, and acid-base balance -- Ch. 16. Cardiovascular care -- Ch. 17. Neurological care -- Unit III. Integrated case studies.
650 0 _924454
_aNursing.
650 0 _924455
_aNursing Process.
650 0 _924457
_aNursing Care
_xmethods.
365 _b993.00
_cPhp
942 _2ddc
_cDC
999 _c7953
_d7953